000 00651nam a2200205Ia 4500
008 220216s9999 xx 000 0 und d
100 _aJacob C.K.
245 0 _aGlobal competitiveness of Indian rubber plantation industry: Rubber Planters Conference India 2002
260 _bRubber Research Institute of India, Kottayam, India, 379 p.
_c2003
650 _aAncillary income
650 _aCrop harvesting
650 _aCrop improvement
650 _aCrop management
650 _aCrop processing
650 _aCrop protection
650 _aEnvironmental impact
650 _aExtension
650 _aRubber plantation industry
942 _cBS
999 _c52477
_d52477